| 000 | 01301nab a22002297a 4500 | ||
|---|---|---|---|
| 999 |
_c6052 _d6052 |
||
| 003 | OSt | ||
| 005 | 20260120232613.0 | ||
| 008 | 190514b xxu||||| |||| 00| 0 spa d | ||
| 040 | _cPJ | ||
| 100 |
_96656 _aFerrero, Cecilia M. |
||
| 245 | 1 | 0 |
_aCompensación económica. Prueba del desequilibrio. Análisis con perspectiva de género / _cCecilia M. Ferrero. |
| 300 | _ap. 64-77 | ||
| 500 | _aCita: TR LALEY AR/DOC/249/2024. | ||
| 505 | _aSumario: I. Reseña del fallo. Hechos de la demanda.— II. Introducción.— III. La intervención judicial en los procesos de familia. Valoración de los antecedentes con perspectiva de género.— IV. Cuantificación de la compensación económica.— V. Tratamiento del reclamo referido a la atribución de la vivienda y división de condominio.— VI. Conclusión. | ||
| 505 | _tFallo comentado: Juz. Familia N.° 1, Tigre ~ 14/09/2023 ~ W. G. c. K. D. s/ acción compensación económica. | ||
| 650 | 0 |
_9967 _aDERECHO DE FAMILIA |
|
| 650 | 0 |
_95830 _aCOMPENSACIÓN ECONÓMICA |
|
| 650 | 0 |
_94044 _aPERSPECTIVA DE GÉNERO |
|
| 650 | 0 |
_91057 _aJURISPRUDENCIA APLICABLE |
|
| 773 | 0 |
_02844 _93222 _dBuenos Aires : AbeledoPerrot, 1989- _tDerecho de familia. Revista Interdisciplinaria de doctrina y jurisprudencia. Abril 2024-II. _z18511201 |
|
| 942 |
_2udc _cANA |
||